Načítá se...

Report of working group on state financial corporations

Podrobná bibliografie
Korporativní autor: Reserve Bank of India
Médium: Printed Book
Jazyk:English
Vydáno: Bombay Reserve Bank of India 1964
Témata:
LEADER 00550nam a22001577a 4500
005 20151215125558.0
008 100102t xxu||||| |||| 00| 0 eng d
082 |a 332.2  |b RBI 
110 |a Reserve Bank of India  |9 1585 
245 |a Report of working group on state financial corporations 
300 |a viii, 185p. 
653 |a Financial corporations 
942 |c BK  |6 _ 
260 |b Reserve Bank of India  |c 1964  |a Bombay 
999 |c 106985  |d 106985 
952 |0 0  |1 0  |2 ddc  |4 0  |6 3322_RBI  |7 0  |9 134565  |a SMS  |b SMS  |c GEN  |d 2010-01-02  |o 332.2 RBI  |p SMS012704  |r 2010-01-02  |w 2010-01-02  |y BK